IMDG Code : International maritime dangerous goods code - vol. 1 (Record no. 12510)

000 -LEADER
fixed length control field 00587nam a22001697a 4500
008 - FIXED-LENGTH DATA ELEMENTS--GENERAL INFORMATION
fixed length control field 241001b 2022 ||||| |||| 00| 0 eng d
020 ## - INTERNATIONAL STANDARD BOOK NUMBER
International Standard Book Number 9789280117479
082 ## - DEWEY DECIMAL CLASSIFICATION NUMBER
Classification number 341.75668
Item number IMO
110 ## - MAIN ENTRY--CORPORATE NAME
Corporate name or jurisdiction name as entry element IMO - International Maritime Organization
245 ## - TITLE STATEMENT
Title IMDG Code : International maritime dangerous goods code - vol. 1
Remainder of title incorporating amendment 41-22
260 ## - PUBLICATION, DISTRIBUTION, ETC. (IMPRINT)
Place of publication, distribution, etc London
Name of publisher, distributor, etc IMO - International Maritime Organization
Date of publication, distribution, etc 2022
300 ## - PHYSICAL DESCRIPTION
Extent xiv, 547p.
650 ## - SUBJECT ADDED ENTRY--TOPICAL TERM
Topical term or geographic name as entry element Flammable liquids
650 ## - SUBJECT ADDED ENTRY--TOPICAL TERM
Topical term or geographic name as entry element Toxic and infectious substances
650 ## - SUBJECT ADDED ENTRY--TOPICAL TERM
Topical term or geographic name as entry element Packing and tank provisions
942 ## - ADDED ENTRY ELEMENTS (KOHA)
Item type Books
Holdings
Withdrawn status Lost status Source of classification or shelving scheme Damaged status Not for loan Collection code Permanent location Current location Shelving location Date acquired Full call number Barcode Date last seen Koha item type Public note
          Reference IMU-MPC Library IMU-MPC Library IMO Shelf 2024-10-01 341.75668 IMO MPC6900 2025-03-17 Books IMO SHELF
Copyright © 2021 Indian Maritime University, Mumbai Port Campus. All Rights Reserved. Managed & Maintained by Central Library, IMU-Mumbai

webs counters

Powered by Koha